000 00294 a2200133 4500
001 68219
082 _a297/ABD
090 _c38654
_d38654
100 _aProf Abdul Qayyum
245 _aLectures on Islam P-II
_hMedium
250 _aP-II
260 _aIslamabad
_bAIOU
_c1996
300 _a105 p.
942 _aCAE NUST
_k297/ABD
999 _c303292
_d303292